01274nam a2200277Ia 450000500170000000800410001702000150005810000370007324500590011025000180016930000250018749000350021249000130024750502180026065000500047865000430052865000310057165000330060274001900063526400360082533600270086133700330088833800280092104000350094908400120098420220317000452.0160315s2013 ck g 000 1 spa  a95814000871 aArango Cano, Jesús,d1915-201510aMitos, leyendas y dioses chibchascJesús Arango Cano a9a. edición a167 páginasc18 cm aSelección cultura colombiana aHistoria aBachué -- Mito sobre la creación del sol y la luna -- El mito de Chiminigagua -- Nemqueteba -- Bochica -- Leyenda de la cacica de Guatavita -- La leyenda de "El Dorado" -- Hunzahúa -- Tomagata -- Goranchacha142LEMBaLeyendas y mitos colombianosySiglo XIX142LEMBaLiteratura colombianaySiglo XIX142LEMBaLeyendas índigenas142LEMBaMitología índigena aBachuéMito sobre la creación del sol y la luna;El mito de Chiminigagua;Nemqueteba;Bochica;Leyenda de la Cacica de Guatavita;La leyenda de "El Dorado";Hunzahúa;Tomagata;Goranchacha aBogotábPlaza & Janésc2013 atextobtxt2rdacontent asin mediaciónbn2rdamedia avolumenbnc2rdacarrier aCO-BoRNBPbspaerdacCO-BoRNBP aLM ARA3